Normal view
MARC view
Entry Personal Name
001 - CONTROL NUMBER
- control field: 35709
003 - CONTROL NUMBER IDENTIFIER
- control field: dpl
005 - DATE AND TIME OF LATEST TRANSACTION
- control field: 20111104113841.0
008 - FIXED-LENGTH DATA ELEMENTS
- fixed length control field: 111104|||a|||||| | ||| d
040 ## - CATALOGING SOURCE
- Original cataloging agency: dpl
- Transcribing agency: dpl
100 ## - HEADING--PERSONAL NAME
- Personal name: तलवार,वीरभारत
670 ## - SOURCE DATA FOUND
- Source citation: Work cat.: (dpl): तलवार,वीरभारत, रस्साकशी /, 2006
670 ## - SOURCE DATA FOUND
- Source citation: Work cat.: (dpl): तलवार,वीरभारत, रस्साकशी /, 2006
